=LDR 00000nam 2200000 4500 =001 INLIS000000000026634 =005 20130612125048 =008 ***********************************Ind** =035 ##$$a0010-061300000026634 =041 ##$$a Ind =082 ##$$a 320 =090 ##$$a 320, Win k =100 ##$$a Winarno, Budi =245 ##$$a Kebijakan publik, Teori dan proses, Budi Winarno =260 ##$$a 2007 $b Yogyakarta =300 ##$$a 286 hlm, 22 cm =650 ##$$a Ilmu politik =850 ##$$a NBPNMAT =990 ##$$a 21400613/BPAP-NTB/20142014